| 000 | 00669nam a2200193 a 4500 | ||
|---|---|---|---|
| 001 | 000039648 | ||
| 005 | 20201002033645.0 | ||
| 008 | 130715s2001 sp a 000 0 spa d | ||
| 020 | _a9568026029 | ||
| 040 |
_aDO-SdBNP _bspa _cBNPHU |
||
| 100 | 1 |
_aDarrigrandi Navarro, Claudia _965833 |
|
| 245 | 1 | 0 |
_aDramaturgia y género en el Chile de los sesenta / _cClaudia Darrigrandi Navarro ; prólogo Egon Wolf ; Epílogo David Benvente. |
| 260 |
_aSantiago de Chile : _bDibam, _c2001. |
||
| 300 |
_a191 p. : _bil. ; _c24 cm. |
||
| 490 | 1 | _aSociedad y cultura | |
| 700 | 1 |
_aWolf, Egon, _epról. _965834 |
|
| 700 | 1 |
_aBenvente, David _965835 |
|
| 830 | 0 |
_aSociedad y cultura _965819 |
|
| 999 |
_c39138 _d39138 |
||